000 00591nam a2200181 i 4500
001 163582
003 ES-MaACL
005 20231220210526.0
008 010116m18201821sp |||| | spa d
100 1 _aRivas, Ángel de Saavedra,
_cDuque de,
_d1791-1865
_997550
245 1 0 _aPoesías de don Ángel Saavedra Ramírez de Baquedano.
250 _a2ª ed. corr. y aum.
260 _aMadrid :
_b[s.n.],
_c1820-1821 (
_fImp. de I. Sancha)
300 _a2 v.(231, 308 p.) ;
_c18 cm.
752 _aEspaña -
_dMadrid
852 _aES-MaACL
_jG-14875-76
_z- Enc. pasta
999 _c163582
_d163582